Zúčtovanie finančných vzťahov so štátnym rozpočtom za rok 2013 pre ústredné orgány štátnej správy

Predmetom finančného zúčtovania sú kapitálové transfery poskytnuté podnikateľským subjektom, príspevkovým organizáciám, neziskovým organizáciám, verejným vysokým školám a iným subjektom vedené na účtoch v Štátnej pokladnici rozpočtované v rozpočte na rok 2013, vrátane dotácií poskytnutých zo štátneh...

Descrizione completa

Salvato in:
Dettagli Bibliografici
Autore principale: Neupauerová, Zuzana
Natura: Capitolo di libro
Lingua:slovacco
Soggetti:
Tags: Aggiungi Tag
Nessun Tag, puoi essere il primo ad aggiungerne!!

MARC

LEADER 00000nla a2200000 4500
001 0183435
005 20240502073134.9
041 0 |a slo 
044 |a SK 
245 1 0 |a Zúčtovanie finančných vzťahov so štátnym rozpočtom za rok 2013 pre ústredné orgány štátnej správy  |c Zuzana Neupauerová 
520 |a Predmetom finančného zúčtovania sú kapitálové transfery poskytnuté podnikateľským subjektom, príspevkovým organizáciám, neziskovým organizáciám, verejným vysokým školám a iným subjektom vedené na účtoch v Štátnej pokladnici rozpočtované v rozpočte na rok 2013, vrátane dotácií poskytnutých zo štátneho rozpočtu fyzickým a právnickým osobám. 
610 2 0 |a správa štátna 
610 2 0 |a rozpočet štátny 
610 2 0 |a pokladnica štátna 
610 2 0 |a vzťahy zúčtovacie 
610 2 0 |a financie štátne 
610 2 0 |a zúčtovanie 
100 1 |a Neupauerová, Zuzana